000
00244 a2200097 4500
090
_c
3808
_d
3808
100
_a
Brian Austin
245
_a
Web Page Design in Easy Steps
260
_a
Dreamtech Press
_b
New Delhi
_c
2000
942
_a
NBS
_c
BK
_k
005.13 AUS
999
_c
346272
_d
346272